Fundamentos de neuroanatomía / (Registro nro. 5613)
[ vista simple ]
| 000 -CABECERA | |
|---|---|
| campo de control de longitud fija | 00564nam a2200205 a 4500 |
| 001 - NÚMERO DE CONTROL | |
| campo de control | Rebiun02811915 |
| 003 - IDENTIFICADOR DEL NÚMERO DE CONTROL | |
| campo de control | AR-RoIUNI |
| 005 - FECHA Y HORA DE LA ÚLTIMA TRANSACCIÓN | |
| campo de control | 20230824095156.0 |
| 008 - DATOS DE LONGITUD FIJA--INFORMACIÓN GENERAL | |
| campo de control de longitud fija | 960704s1992 ag a 000 spa |
| 020 ## - NÚMERO INTERNACIONAL ESTÁNDAR DEL LIBRO | |
| Número Internacional Estándar del Libro | 9500203251 |
| 040 ## - FUENTE DE LA CATALOGACIÓN | |
| Centro catalogador/agencia de origen | SpMaUCOP |
| Centro/agencia transcriptor | AR-RoIUNI |
| 080 ## - NÚMERO DE LA CLASIFICACIÓN DECIMAL UNIVERSAL | |
| Número de la Clasificación Decimal Universal | 611.8 |
| 100 1# - ENTRADA PRINCIPAL--NOMBRE DE PERSONA | |
| Nombre de persona | Carpenter, Malcolm B. |
| 245 10 - MENCIÓN DE TÍTULO | |
| Título | Fundamentos de neuroanatomía / |
| Mención de responsabilidad, etc. | Malcolm B. Carpenter |
| 250 ## - MENCIÓN DE EDICIÓN | |
| Mención de edición | 3a. ed |
| 260 ## - PUBLICACIÓN, DISTRIBUCIÓN, ETC. (PIE DE IMPRENTA) | |
| Lugar de publicación, distribución, etc. | Buenos Aires [etc.] : |
| Nombre del editor, distribuidor, etc. | El Ateneo, |
| Fecha de publicación, distribución, etc. | cop. 1992 |
| 300 ## - DESCRIPCIÓN FÍSICA | |
| Extensión | XII, 379 p. : |
| Otras características físicas | il. ; |
| Dimensiones | 26 cm |
| 650 04 - PUNTO DE ACCESO ADICIONAL DE MATERIA--TÉRMINO DE MATERIA | |
| Término de materia o nombre geográfico como elemento inicial | Neuroanatomía |
| 9 (RLIN) | 267 |
| 942 ## - ELEMENTOS DE PUNTO DE ACCESO ADICIONAL (KOHA) | |
| Fuente del sistema de clasificación o colocación | Clasificación Decimal Universal |
| Tipo de ítem Koha | Libros |
| Estado de retiro | Estado de pérdida | Fuente del sistema de clasificación o colocación | Estado dañado | Excepción de préstamo | Código de colección | Localización permanente | Ubicación/localización actual | Ubicación en estantería | Fecha de adquisición | Fuente de adquisición | Número de inventario | Total de préstamos | Renovaciones totales | Signatura topográfica completa | Código de barras | Fecha visto por última vez | Fecha del último préstamo | Precio válido a partir de | Tipo de ítem Koha | Nota pública |
|---|---|---|---|---|---|---|---|---|---|---|---|---|---|---|---|---|---|---|---|---|
| Clasificación Decimal Universal | Medicina | BIBLIOTECA CENTRAL | BIBLIOTECA CENTRAL | BIBLIOTECA CENTRAL | 24/08/2023 | Donación | 7886 | 4 | 3 | 611.8 CAR | 7886 | 09/12/2024 | 26/11/2024 | 24/08/2023 | Libros | Donación: D. Sylvestre Begnis |

